| 000 | 01067cam a2200325 a 4500 | ||
|---|---|---|---|
| 999 |
_c848 _d848 |
||
| 001 | 3452357 | ||
| 003 | OSt | ||
| 005 | 20200128103910.0 | ||
| 008 | 920729s1993 paua b 001 0 eng c | ||
| 010 | _a 92049956 | ||
| 020 | _a0397512465 | ||
| 040 |
_aDNLM/DLC _cDLC _dDLC |
||
| 050 | 0 | 0 |
_aR834.5 _b.R964 1993 |
| 060 | _aWB 18 R995 | ||
| 082 | 0 | 0 |
_aWB18 R993 1993 _220 |
| 100 |
_aEdited by Rypins, Harold; Frohlich, Edward D. _913326 |
||
| 245 | 0 | 0 | _aRypins' Clinical Sciences Review |
| 250 | _a16th ed. | ||
| 260 |
_aPhiladelphia; _bLippincott, _cc1993. |
||
| 300 |
_axii, 431 p. : _bill. ; _c28 cm. |
||
| 500 | _aRev. ed. of: Rypins' medical boards review. 15th ed. Vol. 2, Clinical sciences. c1989. | ||
| 504 | _aIncludes bibliographical references and index. | ||
| 650 | 0 |
_aMedicine MCQs _92287 |
|
| 650 | 0 |
_aClinical Medicine _92288 |
|
| 730 | 0 |
_aRypins' medical boards review. _nVolume 2. _92292 |
|
| 740 | 0 | _aClinical sciences review. | |
| 906 |
_a7 _bcbc _corignew _d1 _eocip _f19 _gy-gencatlg |
||
| 942 |
_2z _cSLOAN |
||